Jeppy sur les logos de football #2 - Statistiques

Statistiques générales
  • Ce quiz a été pris 2 530 fois
  • Le résultat moyen est 11 sur 16
Statistiques - réponses
Par images Réponse % Correct
Chelsea
98%
Paris Saint-Germain
96%
Real Betis
92%
Fenerbahçe
82%
Wolfsburg
79%
Aston Villa
75%
Osasuna
74%
Étoile rouge de Belgrade
73%
Cagliari
72%
Crystal Palace
72%
Genoa
72%
Cologne
68%
Olympiakós
59%
Cincinnati
25%
Union de Philadelphie
16%
Al-Ettifaq
14%
Aucun quiz correspondant
Distribution des résultats
% des personnes avec chaque résultat
Percentile par nombre de réponses
Votre historique - résultats
Vous n’avez pas pris ce quiz